Mapping the origins debate : (Record no. 10189)

MARC details
000 -LEADER
fixed length control field 01590cam a2200385 i 4500
001 - CONTROL NUMBER
control field 17528300
003 - CONTROL NUMBER IDENTIFIER
control field GBCCL
005 - DATE AND TIME OF LATEST TRANSACTION
control field 20241126110727.0
008 - FIXED-LENGTH DATA ELEMENTS--GENERAL INFORMATION
fixed length control field 121114t20122012ilu b 000 0 eng
010 ## -
-- 2012038552
020 ## - INTERNATIONAL STANDARD BOOK NUMBER
International Standard Book Number 9780830839872 (USA ISBN : pbk. : alk. paper)
020 ## - INTERNATIONAL STANDARD BOOK NUMBER
International Standard Book Number 0830839879 (USA ISBN : pbk. : alk. paper)
020 ## - INTERNATIONAL STANDARD BOOK NUMBER
International Standard Book Number 9781844746163 (UK ISBN)
040 ## - CATALOGING SOURCE
Original cataloging agency DLC
Language of cataloging eng
Transcribing agency DLC
Description conventions rda
Modifying agency DLC
042 ## -
-- pcc
050 00 -
-- QH325
-- .R38 2012
082 00 - DEWEY DECIMAL CLASSIFICATION NUMBER
Classification number 576.8
Edition information 23
Item number RAU
100 1# - MAIN ENTRY--PERSONAL NAME
Personal name Rau, Gerald,
Dates associated with a name 1954-
9 (RLIN) 17689
245 10 - TITLE STATEMENT
Title Mapping the origins debate :
Remainder of title six models of the beginning of everything /
Statement of responsibility, etc. Gerald Rau.
264 #1 - PRODUCTION, PUBLICATION, DISTRIBUTION, MANUFACTURE, AND COPYRIGHT NOTICE
Place of production, publication, distribution, manufacture Downers Grove, Illinois :
Name of producer, publisher, distributor, manufacturer IVP Academic, an imprint of InterVarsity Press ;
Place of production, publication, distribution, manufacture Nottingham, England :
Name of producer, publisher, distributor, manufacturer Inter-Varsity Press,
Date of production, publication, distribution, manufacture, or copyright notice [2012]
264 #4 - PRODUCTION, PUBLICATION, DISTRIBUTION, MANUFACTURE, AND COPYRIGHT NOTICE
Date of production, publication, distribution, manufacture, or copyright notice ©2012
300 ## - PHYSICAL DESCRIPTION
Extent 236 pages ;
Dimensions 24 cm
336 ## - CONTENT TYPE
Content type term text
Source rdacontent
337 ## - MEDIA TYPE
Media type term unmediated
Source rdamedia
338 ## - CARRIER TYPE
Carrier type term volume
Source rdacarrier
504 ## - BIBLIOGRAPHY, ETC. NOTE
Bibliography, etc. note Includes bibliographical references (pages 223-231) and indexes.
505 0# - FORMATTED CONTENTS NOTE
Formatted contents note Worldviews, philosophy and science -- A spectrum of models -- Origin of the universe -- Origin of life -- Origin of species -- Origin of humans -- What we can learn from each -- The definition at the heart of the debate.
650 #0 - SUBJECT ADDED ENTRY--TOPICAL TERM
Topical term or geographic name entry element Life
General subdivision Origin.
9 (RLIN) 17690
650 #0 - SUBJECT ADDED ENTRY--TOPICAL TERM
Topical term or geographic name entry element Evolution (Biology)
9 (RLIN) 17691
650 #0 - SUBJECT ADDED ENTRY--TOPICAL TERM
Topical term or geographic name entry element Creation.
9 (RLIN) 17692
650 #0 - SUBJECT ADDED ENTRY--TOPICAL TERM
Topical term or geographic name entry element Science
General subdivision Philosophy.
9 (RLIN) 6211
906 ## - LOCAL DATA ELEMENT F, LDF (RLIN)
a 7
b cbc
c orignew
d 1
e ecip
f 20
g y-gencatlg
942 ## - ADDED ENTRY ELEMENTS (KOHA)
Source of classification or shelving scheme Dewey Decimal Classification
Koha item type Books
Holdings
Withdrawn status Lost status Source of classification or shelving scheme Damaged status Not for loan Home library Current Library Shelving location Date acquired Total checkouts Full call number Barcode Date last seen Copy number Price effective from Koha item type
    Dewey Decimal Classification     GRACE BIBLE COLLEGE GRACE BIBLE COLLEGE General Studies 2024-04-16   576.8 RAU 016742 2025-05-01 c.1 2024-04-16 Books
© Grace Bible College Library 2025